|
|
|
|
| LEADER |
00000nab a2200000uu 4500 |
| 001 |
vtls011481907 |
| 003 |
SK-MaSNL |
| 005 |
20260303225202.0 |
| 008 |
230218|1970 xo |||||||||||||||||slo| |
| 015 |
|
|
|a SNBRB
|
| 035 |
|
|
|a (urnnbn)urn:nbn:sk:snk:ar-006t4j
|
| 035 |
|
|
|a (uuid)fdf21a77-239b-4eaf-b9b1-1a012c06ca24
|
| 035 |
|
|
|a urn:nbn:sk:snk-abd941
|
| 040 |
|
|
|a SNKBUCL
|b slo
|c SNKBUCL
|e AACR2
|
| 041 |
0 |
|
|a slo
|
| 044 |
|
|
|a xo
|c SK
|
| 100 |
1 |
|
|a Netušil, A. V.
|4 aut
|9 1261684
|
| 245 |
1 |
0 |
|a ČASOVÉ POSTUPNOSTI PRE OPIS NÁHODNÝCH SIGNÁLOV
|c A. V. Netušil, V. V. Burľajev
|
| 700 |
1 |
|
|a Burľajev, V. V.
|4 aut
|9 1261685
|
| 773 |
0 |
|
|t Elektrotechnický časopis : časopis Elektrotechnického ústavu CEFV SAV Bratislava
|g Roč. 21, č. 3 (1970), s. [161]-172
|
| 954 |
|
|
|a odborná, vedecká literatúra pôvodná (slovenská)
|2 lita
|
| 958 |
|
|
|a OND
|
| 958 |
|
|
|a EUIPO
|
| 958 |
|
|
|a article18
|
| 999 |
|
|
|c 2256076
|d 2258006
|